000 00350nam a22001337a 4500
003 OSt
008 150316b xxu||||| |||| 00| 0 eng d
100 1 _aPatton, Donald Scott
041 _aeng
245 1 0 _aThe Private Local Posts of the United States
246 1 0 _aVol. I: New York State.
260 _aLondon, England
_bRobson Lowe,
300 _a0 pages
999 _c1002
_d1002